| 000 | 01359nam2a22003251 4500 | ||
|---|---|---|---|
| 001 | RU\NLR\Per\652264 | ||
| 005 | 20250617180423.0 | ||
| 010 |
_a978-5-7904-0890-8 _9100 |
||
| 035 | _a(NLR Aleph) 002901598 | ||
| 090 |
_a3456872 _c3456872 |
||
| 100 | _a20100119d2009 |||y0rusy50 ca | ||
| 101 | 0 | _arus | |
| 102 | _aRU | ||
| 105 | _ac ||||||||| | ||
| 200 | 1 |
_aАктуальные проблемы исторического сознания _f[редкол.: д. филос. н., проф. О.Л. Сытых - отв. ред. и др.] |
|
| 210 |
_d2009 _aБ. м. |
||
| 215 |
_a165, [1] с. _cпортр. _d20 |
||
| 320 | _aБиблиогр. в конце ст. | ||
| 461 | 0 |
_1001RU\NLR\INFOCOMM9\5000117189 _12001#$aФилософские дескрипты$eСб. ст.$fАлт. гос. ун-т$vВып. 8 _93032508 _cБарнаул _d2001- _fАлт. гос. ун-т _nИзд-во Алт. гос. ун-та _oСб. ст. _tФилософские дескрипты _vВып. 8 |
|
| 606 | 1 |
_aФилософия _jСборники _9900139 _3RU\NLR\AUTH\666996 |
|
| 686 | 1 | _aЮ0я43 | |
| 702 | 1 |
_aСытых _bО. Л. _gОльга Леонидовна _4340 |
|
| 801 | 1 |
_aRU _bInfoComm _c20051010 |
|
| 801 | 0 |
_aRU _bNLR _gPSBO |
|
| 801 | 2 |
_aRU _bNLR _c20081021 _2rusmarc |
|
| 852 |
_aNLR _jП25/444 |
||
| 942 | _cISSUE | ||
| 980 | _aNB | ||
| 980 | _aRUSPER | ||